Deníček Camille G. Spešl : a teď se teprve všichni po*erete od smíchu /
Bláznivá a humorná vyprávění ze života autorky "skorobloncky".
Uloženo v:
| Série: | Deníček Camille G,
část 3 |
|---|---|
| Hlavní autor: | |
| Další autoři: | |
| Médium: | E-kniha |
| Jazyk: | Czech |
| Vydáno: |
V Brně :
CPress,
2023
|
| Vydání: | 1. vydání |
| Témata: | |
| Příbuzné jednotky: | Z cyklu::
Deníček Camille G |
| Tagy: |
Žádné tagy |
| LEADER | 02730nam a2200565 i 4500 | ||
|---|---|---|---|
| 001 | 311830 | ||
| 003 | CZ PrSKC | ||
| 005 | 20260601215712.0 | ||
| 007 | ta | ||
| 008 | 230215s2023 xr a g 000 jacze | ||
| 015 | |a cnb003501151 | ||
| 020 | |a 9788026446118 |q (vázáno) : |c Kč 349,00 | ||
| 035 | |a (OCoLC)1375350763 | ||
| 040 | |a ABG001 |b cze |d OLA001 |e rda | ||
| 045 | |a x-y- | ||
| 072 | 7 | |a 821.162.3-3 |x Česká próza |2 Konspekt | |
| 072 | 7 | |a 929 |x Biografie |2 Konspekt | |
| 080 | |a 821.162.3-32 |2 MRF | ||
| 080 | |a 821.162.3-055.2 |2 MRF | ||
| 080 | |a 929 |2 MRF | ||
| 080 | |a (0:82-322.6) |2 MRF | ||
| 080 | |a (0:82-321.5) |2 MRF | ||
| 100 | 0 | |a Camille G |7 xx0277017 |4 aut | |
| 245 | 1 | 0 | |a Deníček Camille G. |p Spešl : a teď se teprve všichni po*erete od smíchu / |c ilustrovala Iveta Matušková |
| 246 | 3 | 0 | |a Spešl |
| 250 | |a 1. vydání | ||
| 264 | 1 | |a V Brně : |b CPress, |c 2023 | |
| 300 | |a 190 stran : |b ilustrace ; |c 22 cm | ||
| 336 | |a text |b txt |2 rdacontent | ||
| 337 | |a bez média |b n |2 rdamedia | ||
| 338 | |a svazek |b nc |2 rdacarrier | ||
| 520 | 2 | |a Bláznivá a humorná vyprávění ze života autorky "skorobloncky". |b Po dvou předchozích knihách plných bláznivých příhod autorka do třetice přináší speciální nálož dalších trapasů ze svého dětství, dospívání i dospělého rodinného života a s humorem až rozjíveným vypráví o svých nejintimnějších a často ne právě lichotivých zážitcích, přičemž ve svém vyprávění nešetří ani sebe, ani nikoho ze svých blízkých. | |
| 600 | 0 | 7 | |a Camille G |7 xx0277017 |2 czenas |
| 648 | 7 | |a 20.-21. století |7 ch462155 |2 czenas | |
| 650 | 0 | 7 | |a české spisovatelky |7 ph128153 |y 20.-21. století |2 czenas |
| 650 | 0 | 9 | |a Czech women authors |y 20th-21st centuries |2 eczenas |
| 655 | 7 | |a české příběhy |7 fd133973 |2 czenas | |
| 655 | 7 | |a autobiografické příběhy |7 fd131891 |2 czenas | |
| 655 | 7 | |a humoristické příběhy |7 fd132430 |2 czenas | |
| 655 | 9 | |a Czech stories |2 eczenas | |
| 655 | 9 | |a autobiographical stories |2 eczenas | |
| 655 | 9 | |a humorous stories |2 eczenas | |
| 700 | 1 | |a Matušková, Iveta, |d 1989- |7 xx0282111 |4 ill | |
| 787 | 0 | 8 | |i Z cyklu: |t Deníček Camille G |g 3 |
| 900 | |a ABA001 |b 21 | ||
| 928 | 9 | |a Albatros Media - CPress | |
| 044 | |a xr | ||
| 910 | |a RBIT002 | ||
| 998 | |d 367542 |a https://core.palmknihy.cz/api/books/367542/cover?si5v8t |b https://core.palmknihy.cz/api/books/367542/cover/400?si5v8t |c https://core.palmknihy.cz/api/books/367542/cover/50?si5v8t |e 2033-12-31 |g 192 |i 9788026446118 |j https://core.palmknihy.cz/api/books/367542/preview.epub |k https://core.palmknihy.cz/api/books/367542/preview.pdf |l |q 49 |r 1 |s https://www.palmknihy.cz/kniha/367542 |t ebook |y 2023 |z 0 |v Deníček Camille G |w 3 | ||
| 999 | |d 311828 | ||